MARC

LEADER 00000nam0a2200000 4500
001 679624
005 20251215135236.0
090 |a 679624 
100 |a 20250409d1978 k||y0rusy50 ca 
101 0 |a rus 
102 |a RU 
105 |a a j 001yy 
181 0 |a i   |b  e  
182 0 |a n 
183 0 |a nc  |2 RDAcarrier 
200 1 |a Магнитоконтактные преобразователи для автоматического контроля магнитных параметров  |e учебное пособие  |f Ю. Н. Маслов, Ю. В. Селезнев  |g Новосибирский инженерно-строительный институт 
203 |a Текст  |b визуальный  |c непосредственный 
210 |a Новосибирск  |c Изд-во НИСИ  |d 1978 
215 |a 114 с.  |c ил. 
283 |a volume  |2 RDAcarrier 
320 |a Литература: с. 112 
606 |a Сердечники ферромагнитные  |9 72771 
610 1 |a магнитоконтактные преобразователи 
610 1 |a электромагнитные устройства 
610 1 |a магнитные парметры 
610 1 |a электротехнические стали 
610 1 |a нелинейность 
610 1 |a ферросердечники 
610 1 |a учебные пособия 
675 |a 621.318.4.042(075.8)  |v 4 
700 1 |a Маслов  |b Ю. Н. 
701 1 |a Селезнев  |b Ю. В. 
712 0 2 |a Новосибирский инженерно-строительный институт им. В. В. Куйбышева  |c 1935-1993  |7 ca  |8 rus  |4 570  |9 25287 
801 0 |a RU  |b 63413507  |c 20250409 
830 |a Ретро2025Каталогизация Кузнецова 
850 |a 63413507 
942 |c BK